000 01364nam a2200241Ia 4500
999 _c55024
_d55024
001 22098
003 GE_BSU
005 20221025161237.0
008 181216s ||||ge |||||||||||||| ||geo||
020 _aISSN 1512-0694
040 _cGE_BSU
041 _ageo
080 _a008(09) კ-83
245 _aკულტურის ისტორიისა და თეორიის საკითხები XXXI=ISSUES OF HISTORY AND THEORY OF CULTURE XXXI :
_b[კრებული] /
_cმთ. რედ. გ. ლორთქიფანიძე, ტომის რედ. მარიკა მშვილდაძე ; სარედ. კოლ. ბრაუნდი დევიდ, ბუცხრიკიძე მამუკა და სხვ.
264 _aთბილისი
_bთბილ. უნ-ტის გამ-ბა,
_c2017.
300 _a230 გვ. ;
_c21 სმ.
541 _h9ლ.20თ
653 _aკულტურა,ცივილიზაცია
653 _aკულტურის ისტორიისა და თეორიის საკითხები XXXI
700 _aლორთქიფანიძე, გ.
_eმთ.რედაქტორი
_91484
700 _aმშვილდაძე, მარიკა
_eტომის რედატორი
_915413
942 _cBK
_2udc